Quizzes
Events
Quiz Creation
Community
Videos
Private Events
Remove Ads
Sign In
Join for FREE
Feedback
Dark Mode
Quiz Categories
Sports
Geography
Music
Movies
Television
Just For Fun
Miscellaneous
History
Literature
Language
Science
Gaming
Entertainment
Religion
Holiday
For Kids
Quiz Lab
Recent
Popular Today
Quiz Kudos Today
Editor Picks
Curator Picks
Quizzes by...
Day
Popularity
Type
Ratings
Length
Year
Community
Subscriptions
Recent Discussions
Orange Saloon
Badges
Playlists
Quests
Create
Leaderboards
Showdown
Live 5
Trivia Bingo
Activity
Puzzle Library
Sporcle Events
Private Events
Virtual Trivia
Globe League
Become a Host
Pub Owners
SporcleCon
Opinionation
Our Games
Videos
Blog
Mobile Apps
Partnerships
Remove Ads and Go Orange
Feedback
Music
Pop Music
The Beatles
Song
Album
Lyrics
Bands
Singers
Artist
Clip
Rock
Rap
Classical
Billboard
Country Music
Kpop
Taylor Swift
Music
Pop Music
The Beatles
Song
Album
Lyrics
Bands
Singers
Artist
Clip
Rock
Rap
Classical
Billboard
Country Music
Kpop
Taylor Swift
Random Quiz
Search Sporcle
×
Quiz Lab
Quiz Lab
Music
Kpop
Type in answers that appear in a list
Type in answers that appear in a list
Classic
Best Score? Go Orange.
Kpop 'D' songs (audio) Stats
Can you name the Kpop 'D' songs (audio)?
By
Shasoth
20m
35 Questions
505 Plays
505 Plays
505 Plays
Comments
Comments
Give Quiz Kudos
Give Quiz Kudos
-
- Ratings
hide this ad
Forced Order
Answers have to be entered in order
Answers have to be entered in order
Replay
Link that replays current quiz
Next Quiz
Link to next quiz in quiz playlist
You Got
0%
They Got
Avg Score
44%
Avg Friend Score
Upgrade to see
Score Distribution
Jump to the score distribution portion of the page
Score
0/35
Timer
20:00
0
Plays Today
Hint
Answer
% Correct
3:34-
3:43
Dumb dumb
86.7%
4:16-
4:26
Dope
86.5%
5:41-
5:51
Danger
82%
5:52-
6:02
Daddy
81.8%
3:12-
3:22
Devil
71.1%
1:17-
1:27
Dancing queen
68.7%
0:34-
0:44
Dumb & dumber
68.5%
1:28-
1:37
Dont touch me
67.7%
2:09-
2:19
Destiny
61.4%
2:52-
3:00
Danger
60.8%
3:44-
3:54
Drip drop
60.8%
3:23-
3:33
Dynamite
59.8%
2:41-
2:51
Darling
53.5%
5:31-
5:40
Day by day
53.1%
0:56-
1:05
Dream
45%
6:03-
6:13
Do you love me
42.8%
4:06-
4:15
Dr feel good
42.4%
0:00-
0:09
Doradora
40%
Hint
Answer
% Correct
2:20-
2:30
Deja Vu
39.6%
4:27-
4:36
Dont tease me
37.8%
3:01-
3:11
Dead leaves
35.8%
4:59-
5:08
Destiny
34.7%
1:38-
1:47
Dont don
33.3%
0:45:0:55
Dream girls
31.7%
3:55-
4:05
Drama
28.5%
4:37-
4:47
Domino game
25.7%
1:06-
1:16
Dracula
23.8%
1:48-
1:58
Dolls
20.6%
5:20-
5:30
Dear santa
20.2%
2:31-
2:40
Dazzling girl
18.6%
5:09-
5:19
Destination
17.8%
0:10-
0:19
Dynamite
17%
1:59-
2:08
Diamond
16.6%
4:48-
4:58
Disturbance
16.2%
0:20-
0:33
DxDxD
15.6%
Quiz Playlist
Details
Report
Send in Message
Add To Playlist
Classic:
Type in answers that appear in a list
Forced Order:
Answers have to be entered in order
Last Updated: Feb 16, 2017
Quiz Scoreboard
CHALLENGE
Sign Up to Join the Scoreboard
Show All
Scores
Hide
Comments
May contain spoilers
Recently Published
An Introduction to Baseball
by treessimontrees
Sports
5m
Movies - When Are They Set?
by FPL_Elf
Movies
5m
Popular People in 1961
by mucciniale
History
6m
More to Explore
Quiz From the Vault
Featured Blog Post
Where Did the Easter Bunny Come From?
hide this ad
You Might Also Like...
Tags
Kpop Quiz
Kpop Quiz
Today's Top Quizzes in Music
Browse Music
hide this ad
Today's Top Quizzes in Kpop
Browse Kpop
Top Contributed Quizzes in Music
1
Taylor Swift All Songs (2024)
2
2010s Album by Cover III
3
Guess the Artist- 70s Songs
4
One Thing in Common: Music
5
Taylor Swift Logic Puzzle
6
Guess the Taylor Swift song (Mystery Song)
7
2010s Album by Cover IV
8
2010s Album by Cover V
9
KPOP LOGIC QUIZ
10
Kpop Logic Quiz
Explore More
Trending Topics
Harry Potter
Kpop
Anime
Crossword
Disney
Marvel
NBA
NFL
Pokémon
Song
Puzzle
The Office
Country
Soccer
WWE
hide this ad
More By:
Shasoth
Quiz
Plays
Rating
Category
Featured
Created
Kpop logic game (bands)
9,645
4.33
Music
Jul 6, 2016
Name EXO members by picture (christmas edition)
8,420
4.62
Music
Jul 12, 2016
Kpop logic quiz (members)
5,224
3.19
Music
Jul 11, 2016
Kpop logic game (maknae edition)
4,827
3.60
Music
Jul 22, 2016
Match kpop labelmates
3,777
4.07
Music
Jul 14, 2016
Go to Creator's Profile
Score Distribution
Quiz Creator Spotlight
Shasoth
Follow
Send a Message
Quizzes Created
-
Created Quiz Play Count
-
More By This Creator
Popular Quizzes Today
1
Find the Countries of Europe - No Outlines Minefield
2
Find the US States - No Outlines Minefield
3
The Countries of the World
4
Popular People in 1961
5
US States
6
1-10 Letter E Words III
7
Find the US States
8
Risky Map Clicking: Biggest States A-Z
More Music Quizzes
Elton John Top 40
Published
Trending Quizzes
Risky Map Clicking: Least Populous States A-Z
1-10 Letter F Words
1-10 Letter G Words
One Thing in Common: United Kingdom
Risky Map Clicking: Next State Alphabetically
Recently Updated
Leaping Animals
pecheneg
Reality TV Shows (A-Z)
bhenderson79
Rickey Henderson's Hall of Fame Teammates
pecheneg
Champions League XIs: Arsenal
pecheneg
Quick Pick: Celebrities in WWE's Hall of Fame
aduchscher
A-Z Keypad Blitz II
pecheneg
Multiple Oscar Actors
pecheneg
Mystery Phrase Blitz: Oscar 'Best Actors'
pecheneg
F. Scott Fitzgerald Novels
LTH
Pick 3 Villains
ddd62291
Trending Topics
Kpop
Disney
Marvel
NBA
Harry Potter
Anime
Crossword
Song
Country
Soccer
NFL
Pokémon
Puzzle
WWE
The Office
Your Account Isn't Verified!
In order to create a playlist on Sporcle, you need to verify the email address you used during registration. Go to your
Sporcle Settings
to finish the process.
Report this User
Report this user for behavior that violates our
Community Guidelines
.
Details:
Send Report
Go to the Sporcle.com Mobile Site →
Comments